000
00326nam a22001337a 4500
008
181011b xxu||||| |||| 00| 0 eng d
020
_a
9780534563943
041
_a
eng
080
_2
3rd
_a
371
100
_a
25
101
_a
EDU
245
_a
College Study Skills Becoming A Strategic Learner
_c
Blerkom,D.L
942
_2
udc
_c
BK
999
_c
49376
_d
49376